| 000 | 00896cam a2200241 i 4500 | ||
|---|---|---|---|
| 001 | sa 68002500 | ||
| 003 | DLC | ||
| 005 | 20260227112443.0 | ||
| 008 | 840913s1967 ii 000 0 malo | ||
| 010 | _asa 68002500 | ||
| 040 |
_aDLC _cDLC _dDLC |
||
| 050 | 0 | 0 |
_aPL4718.9.P734 _bB47 1967 |
| 100 | 0 |
_aPunaṃnampūtiri, _dactive 15th century. |
|
| 240 | 1 | 0 | _aBhāṣārāmāyaṇacampu |
| 245 | 1 | 0 |
_aPunaṃnampūtiriyuṭe bhāṣārāmāyaṇacampu : _bVyākhyānattōṭiva sampūrṇṇa prasādhanaṃ. |
| 260 |
_aTr̥śśivapērūr : _bKērala Sāhitya Akādami prasādhanaṃ ; _aKottayam : _bvitaraṇaṃ Nāṣanal Bukkst̲āḷ, _c1967. |
||
| 300 |
_axcv, 952 p. ; _c22 cm. |
||
| 500 | _aIn Malayalam. | ||
| 500 | _aBased on the Rāmāyaṇa of Vālmīki. | ||
| 650 | 0 |
_aRāma (Hindu deity) _xPoetry. |
|
| 700 | 0 |
_aVālmīki. _tRāmāyaṇa. |
|
| 740 | 0 | _aBhāṣārāmāyaṇacampu. | |
| 999 |
_c78774 _d78774 |
||